MEDICINAL CHEMISTRY -II (Record no. 8075)

MARC details
000 -LEADER
fixed length control field 00472nam a22001817a 4500
005 - DATE AND TIME OF LATEST TRANSACTION
control field 20230110133641.0
008 - FIXED-LENGTH DATA ELEMENTS--GENERAL INFORMATION
fixed length control field 221216b |||||||| |||| 00| 0 eng d
020 ## - INTERNATIONAL STANDARD BOOK NUMBER
ISBN 978-93-88818-50-6
041 ## - LANGUAGE CODE
Language code of text/sound track or separate title eng
082 ## - DEWEY DECIMAL CLASSIFICATION NUMBER
Classification number 615.7 KAR-M
100 ## - MAIN ENTRY--AUTHOR NAME
Personal name KAR, ASHUTOSH
245 ## - TITLE STATEMENT
Title MEDICINAL CHEMISTRY -II
250 ## - EDITION STATEMENT
Edition statement 1st ed.
260 ## - PUBLICATION, DISTRIBUTION, ETC. (IMPRINT)
Name of publisher NEW AGE INTERNATIONAL PUBLICATION PUBLISHERS
Year of publication 2022
300 ## - PHYSICAL DESCRIPTION
Number of Pages 229;P.
650 ## - SUBJECT ADDED ENTRY--TOPICAL TERM
Topical Term PHARMACY
General subdivision B.PHARMA
942 ## - ADDED ENTRY ELEMENTS (KOHA)
Koha item type Books
Holdings
Lost status Damaged status Collection code Home library Current library Shelving location Date acquired Source of acquisition Cost, normal purchase price Full call number Accession Number Koha item type
    Reference JRU Library JRU Library SHELF-5-B 19/10/2022 LOHIA BOOK INTERNATIONAL 399.00 615.7-KAR-M 26964 Books
    PHARMACY JRU Library JRU Library SHELF-18-B 19/10/2022 LOHIA BOOK INTERNATIONAL 399.00 615.7-KAR-M 26965 Books
    PHARMACY JRU Library JRU Library SHELF-18-B 19/10/2022 LOHIA BOOK INTERNATIONAL 399.00 615.7-KAR-M 26966 Books
    PHARMACY JRU Library JRU Library SHELF-18-B 19/10/2022 LOHIA BOOK INTERNATIONAL 399.00 615.7-KAR-M 26967 Books
    PHARMACY JRU Library JRU Library SHELF-18-B 19/10/2022 LOHIA BOOK INTERNATIONAL 399.00 615.7-KAR-M 26968 Books
    PHARMACY JRU Library JRU Library SHELF-18-B 19/10/2022 LOHIA BOOK INTERNATIONAL 399.00 615.7-KAR-M 26969 Books
    PHARMACY JRU Library JRU Library SHELF-18-B 19/10/2022 LOHIA BOOK INTERNATIONAL 399.00 615.7-KAR-M 26970 Books
    PHARMACY JRU Library JRU Library SHELF-18-B 19/10/2022 LOHIA BOOK INTERNATIONAL 399.00 615.7-KAR-M 26971 Books
    PHARMACY JRU Library JRU Library SHELF-18-B 19/10/2022 LOHIA BOOK INTERNATIONAL 399.00 615.7-KAR-M 26972 Books
    PHARMACY JRU Library JRU Library SHELF-18-B 19/10/2022 LOHIA BOOK INTERNATIONAL 399.00 615.7-KAR-M 26973 Books